Court of Appeal Criminal Appeal No.83 of 2000 Kigongo Sabina vs Uganda (Record no. 3302)
[ view plain ]
| 000 -LEADER | |
|---|---|
| fixed length control field | 00785nam a22001337a 4500 |
| 008 - FIXED-LENGTH DATA ELEMENTS--GENERAL INFORMATION | |
| fixed length control field | 110620t xxu||||| |||| 00| 0 eng d |
| 010 ## - LIBRARY OF CONGRESS CONTROL NUMBER | |
| NUCMC control number | CACAF45 |
| 245 ## - TITLE STATEMENT | |
| Title | Court of Appeal Criminal Appeal No.83 of 2000 Kigongo Sabina vs Uganda |
| 260 ## - PUBLICATION, DISTRIBUTION, ETC. (IMPRINT) | |
| Date of publication, distribution, etc | 2000 |
| 500 ## - GENERAL NOTE | |
| General note | CORAM: HON. JUSTICE C.M. KATO,JA.<br/> HON. JUSTICE G.M .OKELLO, JA.<br/> HON. JUSTICE A.E. MPANGI-BAHIGEINE, JA<br/> |
| 500 ## - GENERAL NOTE | |
| General note | Appeal from conviction of the high court at Kampala , before Hon. justice G.Tinyinondi dated 29/dated of September 2000 in Criminal Session Case No.258 of 2000 |
| Withdrawn status | Lost status | Source of classification or shelving scheme | Damaged status | Koha normalized classification for sorting | Not for loan | Location (home branch) | Sublocation or collection (holding branch) | Shelving location | Date acquired | Koha issues (times borrowed) | Koha full call number | Piece designation (barcode) | Koha date last seen | Price effective from | Koha item type |
|---|---|---|---|---|---|---|---|---|---|---|---|---|---|---|---|
| Dewey Decimal Classification | 832000 | Law Development Centre Main Library | Law Development Centre Main Library | Law Reports | 06/20/2011 | 83/2000 | 83/2000/1 | 06/20/2011 | 06/20/2011 | Law Reports | |||||
| Dewey Decimal Classification | 832000 | Law Development Centre Main Library | Law Development Centre Main Library | Law Reports | 06/20/2011 | 83/2000 | 83/2000/2 | 06/20/2011 | 06/20/2011 | Law Reports |
